Anatomía del reportaje / (Record no. 75506)

MARC details
000 -LEADER
campo de control de longitud fija 00464nam a2200169 4500
001 - NÚMERO DE CONTROL
campo de control 21935
005 - FECHA Y HORA DE LA ÚLTIMA TRANSACCIÓN
campo de control 20230410130524.0
008 - DATOS DE LONGITUD FIJA--INFORMACIÓN GENERAL
campo de control de longitud fija 060907n1982 dr spa
035 ## - NÚMERO DE CONTROL DEL SISTEMA
-- funglode22098
041 ## - CÓDIGO DE IDIOMA
Código de lengua del texto/banda sonora o título independiente ES
050 14 - SIGNATURA TOPOGRÁFICA DE LA BIBLIOTECA DEL CONGRESO
Número de clasificación PN 4781 C117A 1982
100 ## - ENTRADA PRINCIPAL--NOMBRE DE PERSONA
Nombre de persona Cabrera, Luis Rolando
245 1# - MENCIÓN DEL TÍTULO
Título Anatomía del reportaje /
Mención de responsabilidad, etc. Luis Rolando Cabrera
260 ## - PUBLICACIÓN, DISTRIBUCIÓN, ETC.
Lugar de publicación, distribución, etc. Santiago, Cuba :
Nombre del editor, distribuidor, etc. Editorial Oriente,
Fecha de publicación, distribución, etc. 1982
300 ## - DESCRIPCIÓN FÍSICA
Extensión 114 p.
942 ## - ELEMENTOS DE ENTRADA SECUNDARIOS (KOHA)
Fuente del sistema de clasificación o colocación Clasificación de Library of Congress
Tipo de ítem Koha
Holdings
Estatus retirado Estado de pérdida Fuente del sistema de clasificación o colocación Estado de daño No para préstamo Colección Biblioteca de origen Biblioteca actual Ubicación en estantería Fecha de adquisición Serial enumeration / chronology Signatura topográfica completa Código de barras Visto por última vez Tipo de ítem Koha
    Clasificación de Library of Congress     Humanidades Biblioteca Juan Bosch Biblioteca Juan Bosch Humanidades (4to. Piso) 25/10/2018 1 PN 4781 C117A 1982 00000024535 25/10/2018